Statistics for Oceania Countries by Largest Wild Animal

Click here to take the quiz!

General Stats

  • This quiz has been taken 41 times
  • The average score is 7 of 14

Answers on the Map

Answers color-coded by a green-red scale on the quiz's map according to % correct below.
 

Answer Stats

HintAnswer% Correct
AustraliaSaltwater Crocodile
92%
Federated States of Micronesia Saltwater Crocodile
92%
PalauSaltwater Crocodile
92%
Papua New GuineaSaltwater Crocodile
92%
Solomon IslandsSaltwater Crocodile
92%
Marshall IslandsShort-tailed Albatross
36%
FijiWandering Albatross
36%
New ZealandWandering Albatross
36%
NauruGreat Frigatebird
26%
TongaGreat Frigatebird
26%
KiribatiCoconut Crab
13%
VanuatuCoconut Crab
13%
SamoaRed Junglefowl
8%
TuvaluRed Junglefowl
8%

Score Distribution

Percentile by Number Answered

Percent of People with Each Score

Your Score History

You have not taken this quiz